|
|
|
|
| LEADER |
00000nab a2200000 a 4500 |
| 001 |
vtls000859382 |
| 003 |
SK-MaSNL |
| 005 |
20260304120628.0 |
| 008 |
250429c2003 xo 0 slo |
| 015 |
|
|
|a SNBRB2004/01-01862
|
| 035 |
|
|
|a CLN000211017
|
| 035 |
|
|
|a urn:nbn:sk:snk-ab6j7m
|
| 035 |
|
|
|a (uuid)56d79aec-68de-48c2-8595-6c6f65ebb9ba
|
| 035 |
|
|
|a (urnnbn)urn:nbn:sk:snk:ar-004hya
|
| 035 |
|
|
|a (sysno)vtls000859382
|
| 040 |
|
|
|a SNKBUCL
|b slo
|c SNKBUCL
|e AACR2
|
| 041 |
0 |
|
|a slo
|
| 044 |
|
|
|a xo
|c SK
|
| 080 |
|
|
|a 504.4.06(437.6):061.3
|2 1997
|
| 080 |
|
|
|a 556.18(437.6)
|2 1997
|
| 100 |
1 |
|
|a Lichý, Ján
|4 aut
|9 309120
|
| 245 |
1 |
0 |
|a Medzinárodné Levočské kultúrne leto
|c Ján Lichý
|
| 300 |
|
|
|b Fotogr.
|
| 650 |
0 |
7 |
|a voda
|x zásoby
|x ochrana
|x konferencie
|x 2003
|2 snkbucl
|9 1424795
|
| 655 |
|
7 |
|a články z novín a časopisov
|2 snkbucl
|9 267496
|
| 773 |
0 |
|
|t Enviromagazín
|g Roč. 8, č. 4 (2003), s. 13
|x 1335-1877
|
| 850 |
|
|
|a Slovenská národná knižnica
|
| 852 |
|
|
|a Slovenská národná knižnica
|
| 954 |
|
|
|a odborná, vedecká literatúra pôvodná (slovenská)
|2 lita
|
| 958 |
|
|
|a article27
|
| 958 |
|
|
|a SK
|
| 958 |
|
|
|a OND
|
| 958 |
|
|
|a EUIPO
|
| 992 |
|
|
|a RBX
|
| 999 |
|
|
|c 2880891
|d 2882821
|